[Event "Online Olym Disabilities"]
[Site "Tornelo INT"]
[Date "2020.11.22"]
[Round "2.18"]
[White "Chikafu, Onai"]
[Black "Kozhabekov, Adilkhan"]
[Result "0-1"]
[WhiteElo "1494"]
[BlackElo "2080"]
[PlyCount "92"]
[EventDate "2020.11.21"]
[EventType "team-swiss (rapid)"]
[EventRounds "7"]
[EventCountry "NET"]
[SourceTitle "CBM 199 Extra"]
[Source "ChessBase"]
[SourceDate "2021.01.31"]
[SourceVersion "1"]
[SourceVersionDate "2021.01.31"]
[SourceQuality "1"]
[WhiteTeam "Zimbabwe"]
[BlackTeam "Kazakhstan"]
[WhiteTeamCountry "ZIM"]
[BlackTeamCountry "KAZ"]

1. e4 c5 2. Nf3 d6 3. Bc4 e6 4. c3 a6 5. d3 Be7 6. Nbd2 Nf6 7. Nf1 0-0 8. Ng3 d5 9. exd5 exd5 10. Bb3 Nc6 11. h3 h6 12. 0-0 Be6 13. Re1 Bd6 14. d4 Qc7 15. Nf1 b6 16. Bc2 Rfe8 17. Nh4 cxd4 18. cxd4 Nxd4 19. Bb1 Nc6 20. Qf3 Ne5 21. Qd1 Rac8 22. Nf5 Bb4 23. Nd2 Qxc1 24. Qxc1 Rxc1 25. Rxc1 Bxd2 26. Rd1 Bxf5 27. Bxf5 Bb4 28. a3 Bc5 29. b4 Bd6 30. Rac1 g6 31. Bb1 a5 32. Rd4 axb4 33. axb4 Ra8 34. f4 Ned7 35. Rc6 Bf8 36. Bc2 Ra3 37. Kh2 Kg7 38. g4 Ra2 39. Kg3 Rb2 40. g5 hxg5 41. fxg5 Nh5+ 42. Kg4 Ne5+ 43. Kh4 Nxc6 44. Rd3 Rxb4+ 45. Rd4 Rxd4+ 46. Be4 Rxe4# 0-1